| 000 | 01036nam a2200241Ia 4500 | ||
|---|---|---|---|
| 001 | 123-COD pi ve (13483) | ||
| 003 | IT-MiSPE | ||
| 008 | 171229s9999||||xx |||||||||||||| ||und|| | ||
| 040 |
_aIT-MiSPE _cIT-MiSPE |
||
| 041 | _aITALIANO | ||
| 100 | _aPiero Coda | ||
| 245 | 0 |
_aLa verità e il nulla _bIl rischio della libertà |
|
| 250 | _a1a ed. (v) | ||
| 260 |
_aCinisello B.mo _bSan Paolo _c2000 |
||
| 300 |
_a79 p. _c21 cm |
||
| 490 |
_aUniverso filosofia _v31 |
||
| 501 | _aEdizioni San Paolo srl - Piazza Soncino, 5 - 20092 CINISELLO BALSAMO (MI) (non commercial uses only) ® Copyright 2018 | ||
| 700 | _aEmanuele Severino | ||
| 700 | _aPiergiuseppe Bernardi | ||
| 942 | _cBK | ||
| 957 | _71 | ||
| 999 |
_a6462 _bNO _g Copie: 1 _c336977 _d336977 |
||